Normal view MARC view
  • Congreso Nacional de Autismo

Entry Nombre de Reunión

Number of records used in: 1

001 - NÚMERO DE CONTROL

  • campo de control: 48741

003 - IDENTIFICADOR DE NÚMERO DE CONTROL

  • campo de control: UPN

005 - FECHA Y HORA DE LA ÚLTIMA TRANSACCIÓN

  • campo de control: 20230424124928.0

008 - DATOS DE LONGITUD FIJA

  • campo de control de longitud fija: 230424|| aca||aabn | a|a d

040 ## - FUENTE DE CATALOGACIÓN

  • Agencia original de catalogación: MX-MxUPN
  • Lenguaje de catalogación: spa
  • Agencia transcribió: MX-MxUPN

111 2# - ENCABEZAMIENTO - NOMBRE DE REUNIÓN

  • Nombre de reunión o de jurisdicción: Congreso Nacional de Autismo
  • Número de la parte, sección o reunión: (3 :
  • Fecha de la reunión : 1993 :
  • Lugar de la reunión: México, D.F.)

670 ## - FUENTE EN LA QUE SE LOCALIZARON DATOS

  • Cita de la fuente: En la obra: 3er Congreso Nacional de Autismo, 1993:
  • Información localizada: portada (3er Congreso Nacional de Autismo)

902 ## - CATALOGADOR

  • Catalogador: NDAF/240423